00456 a2200133 4500001001000000005001700010008004100027245009800068100002200166700002100188700002100209773007500230999001700305ART_5819320260410161823.0260409a 10aCaducidad de instancia. Inconstitucionalidad de la reforma del artículo 216 de la ley 274301 aVega, Juan Manuel1 aVega, María S.1 aVega, Gerardo E.0 tDoctrina Penal Tributaria y Económicag- N° 67 (mar. 2023)wREV4317 c22529d22529